000 00601cam a2200217 i 4500
001 3635769
005 20180216075150.0
008 760319s1976 nyua b 001 0 eng
010 _a 75038330
020 _a087488876X
040 _aDLC
_cDLC
_dDLC
041 _aeng
080 _a616.23 WIL
082 0 0 _a616.23 WIL
100 1 _a4
101 _aSHM
245 1 0 _aAsthma :
_cby M. Henry Williams, Jr., Chang Shim.
504 _aIncludes bibliographical references and index.
906 _a7
_bcbc
_corignew
_d2
_eocip
_f19
_gy-gencatlg
942 _2ddc
_cBK
999 _c42814
_d42814